| Поле | Инд. | ПП | Название | Значение |
|---|---|---|---|---|
| Тип записи | a | |||
| Библиографический уровень | m | |||
| 001 | Контрольный номер | 8f66561c-fa22-464f-b655-f7b9081a5292 | ||
| 005 | Дата корректировки | 20131112034359.5 | ||
| 008 | Кодируемые данные | 960426 d | ||
| 020 | c | Цена, тираж | 1.00 | |
| 080 | a | Индекс УДК | 536.7(075.8) | |
| 084 | a | Индекс другой классификации/Индекс ББК | В317я731-1 | |
| 090 | x | Авторский знак | З-13 | |
| a | Полочн. индекс | В317 | ||
| 100 | 1_ | a | Автор | Завальнюк Петр Акимович |
| 245 | a | Заглавие | Термодинамическая теория вероятностных распределений и управления качеством | |
| n | Номер части/ раздела | Ч. 1 | ||
| p | Название части/ раздела | Статистическая термодинамика управления качеством | ||
| c | Ответственность | П. А. Завальнюк; Твер. гос. ун-т | ||
| 260 | 1_ | a | Место издания | Тверь |
| b | Издательство | Тверской государственный университет | ||
| c | Дата издания | 1991 | ||
| 300 | a | Объем | 75 с. | |
| b | Иллюстрации/ тип воспроизводства | ил., табл. | ||
| 650 | a | Основная рубрика | Термодинамика | |
| x | Основная подрубрика | Учебники для вузов | ||
| 650 | a | Основная рубрика | Статистическая термодинамика | |
| 650 | a | Основная рубрика | Качество (физ.) | |
| x | Основная подрубрика | Управление | ||
| 653 | a | Ключевые слова | Термодинамика | |
| a | Ключевые слова | Статистическая термодинамика | ||
| a | Ключевые слова | Управление качеством (физ.) | ||
| a | Ключевые слова | Учебники | ||
| 852 | t | Порядковый номер экземпляра | 17 экз. | |
| p | Инвентарный номер | 625317 | ||
| p | Инвентарный номер | 5869 - 15 экз. | ||
| p | Инвентарный номер | 625318 | ||
| 930 | a | Новая/Ретро | учебники | |
| 954 | a | Дата поступления на обработку | 20011005 | |
| 999 | a | Подразделение 2 | Фил3 |